Využitie reálnych opcií k ohodnoteniu investičných projektov
Klasické metódy hodnotenia investičných projektov. Využitie reálnych opcií k ohodnoteniu investičných projektov. Modely ohodnocovania reálnych opcií. Ohodnotenie podniku ako opcie.
Saved in:
| Main Author: | |
|---|---|
| Format: | Book Chapter |
| Language: | Slovak |
| Subjects: | |
| Tags: |
No Tags, Be the first to tag this record!
|
MARC
| LEADER | 00000naa$a2200000$$$4500 | ||
|---|---|---|---|
| 001 | 0181034 | ||
| 005 | 20240502073111.3 | ||
| 041 | 0 | |a slo | |
| 044 | |a SK | ||
| 245 | 1 | 0 | |a Využitie reálnych opcií k ohodnoteniu investičných projektov |c Anna Harumová |
| 520 | |a Klasické metódy hodnotenia investičných projektov. Využitie reálnych opcií k ohodnoteniu investičných projektov. Modely ohodnocovania reálnych opcií. Ohodnotenie podniku ako opcie. | ||
| 610 | 2 | 0 | |a investície |
| 610 | 2 | 0 | |a projekty investičné |
| 610 | 2 | 0 | |a ohodnocovanie |
| 610 | 2 | 0 | |a opcie |
| 610 | 2 | 0 | |a podnik |
| 100 | 1 | |a Harumová, Anna, 1955- | |